LEADER 02176oam 2200553 a 450 001 9910135378703321 005 20230803015102.0 035 $a(CKB)3790000000000558 035 $a(MH)013783405-5 035 $a(SSID)ssj0001064641 035 $a(PQKBManifestationID)12424516 035 $a(PQKBTitleCode)TC0001064641 035 $a(PQKBWorkID)11052253 035 $a(PQKB)10557069 035 $a(EXLCZ)993790000000000558 100 $a20130802d2013 uy 0 101 0 $aita 181 $ctxt 182 $cc 183 $acr 200 02$aL'Italia al tempo della globalizzazione $epolitica economica e relazioni internazionali : atti del seminario di studi, Firenze, Fondazione Spadolini Nuova antologia, 23 novembre 2012 /$fa cura di Italico Santoro e Cosimo Ceccuti 210 $aFirenze $cPolistampa $cFondazione Spadolini Nuova antologia$dc2013 215 $a1 online resource (106 p. ) 225 1 $aBiblioteca della Nuova antologia ;$v34 300 $aBibliographic Level Mode of Issuance: Monograph 311 08$a88-596-1265-9 320 $aIncludes bibliographical references. 410 0$aBiblioteca della Nuova antologia (Florence, Italy) ;$v34. 517 $aL'Italia al tempo della globalizzazione 606 $aGlobalization$zItaly$vCongresses 606 $aGlobalization$zItaly$vCongresses 606 $aBusiness & Economics$2HILCC 606 $aEconomic History$2HILCC 607 $aItaly$xEconomic policy$vCongresses 607 $aItaly$xForeign relations$y21st century$vCongresses 615 0$aGlobalization 615 0$aGlobalization 615 7$aBusiness & Economics 615 7$aEconomic History 702 $aSantoro$b Italico 702 $aCeccuti$b Cosimo 801 0$bItFiC 801 1$bItFiC 801 2$bDLC 906 $aBOOK 912 $a9910135378703321 996 $aL'Italia al tempo della globalizzazione$92430948 997 $aUNINA 999 $aThis Record contains information from the Harvard Library Bibliographic Dataset, which is provided by the Harvard Library under its Bibliographic Dataset Use Terms and includes data made available by, among others the Library of Congress LEADER 01997oam 2200553zu 450 001 9910872700603321 005 20241212215304.0 035 $a(CKB)1000000000021947 035 $a(SSID)ssj0000395151 035 $a(PQKBManifestationID)12170533 035 $a(PQKBTitleCode)TC0000395151 035 $a(PQKBWorkID)10450591 035 $a(PQKB)10438977 035 $a(EXLCZ)991000000000021947 100 $a20160829d2005 uy 101 0 $aeng 181 $ctxt 182 $cc 183 $acr 200 10$aHIS'04 : Fourth International Conference on Hybrid Intelligent Systems, proceedings, 5-8 December, 2004, Kitakyushu, Japan 210 31$a[Place of publication not identified]$cIEEE Computer Society$d2005 300 $aBibliographic Level Mode of Issuance: Monograph 311 08$a9780769522913 311 08$a0769522912 606 $aSoft computing$vCongresses 606 $aHybrid computers$vCongresses 606 $aNeural networks (Computer science)$vCongresses 606 $aFuzzy systems$vCongresses 606 $aExpert systems (Computer science)$vCongresses 606 $aArtificial intelligence$vCongresses 606 $aEngineering & Applied Sciences$2HILCC 606 $aComputer Science$2HILCC 615 0$aSoft computing 615 0$aHybrid computers 615 0$aNeural networks (Computer science) 615 0$aFuzzy systems 615 0$aExpert systems (Computer science) 615 0$aArtificial intelligence 615 7$aEngineering & Applied Sciences 615 7$aComputer Science 676 $a006.3 712 02$aIEEE Systems, Man, and Cybernetics Society, 712 02$aIEEE Computational Intelligence Society, 712 12$aInternational Conference on Hybrid Intelligent Systems. 801 0$bPQKB 906 $aPROCEEDING 912 $a9910872700603321 996 $aHIS'04 : Fourth International Conference on Hybrid Intelligent Systems, proceedings, 5-8 December, 2004, Kitakyushu, Japan$92406095 997 $aUNINA